000 00852nam a2200241Ia 4500
003 OSt
005 20220923212419.0
006 a|||||r|||| 00| 0
007 ta
008 220922b |||||||| |||| 00| 0 hin d
024 _a152,730
037 _cTextual
040 _aARTS
_cARTS
_bhin
041 _2hin
_ahin
082 _aNR0aNS44v, 152M3
100 _aशुक्ल, शत्रुघ्न
245 0 _aठुमरी की उत्पत्ति विकास और शैलियां
246 _aṬhumarī kī utpatti vikās aur shailiyāan
260 _aदिल्ली
_b हिन्दी माध्यम कार्यान्वय
_c1983
300 _a312 पृ.
_ccm.
942 _hNR0aNS44v, 152M3
_cTEXL
_2CC
999 _c308379
_d308379